Esencia y misión de la catequesis (Record no. 61541)

MARC details
000 -LEADER
campo de control de longitud fija 00550nam a2200169 i 4500
001 - NÚMERO DE CONTROL
campo de control 61541
003 - IDENTIFICADOR DE NÚMERO DE CONTROL
campo de control ES-MaACL
005 - FECHA Y HORA DE LA ÚLTIMA TRANSACCIÓN
campo de control 20230906164500.0
007 - CAMPO FIJO DE DESCRIPCIÓN FÍSICA--INFORMACIÓN GENERAL
campo de control de longitud fija t|
008 - DATOS DE LONGITUD FIJA--INFORMACIÓN GENERAL
campo de control de longitud fija 031112s1968 sp ||||1| spa d
100 1# - ENTRADA PRINCIPAL--NOMBRE DE PERSONA
Nombre de persona Exeler, Adolf.
9 (RLIN) 48422
245 10 - MENCIÓN DEL TÍTULO
Título Esencia y misión de la catequesis
Resto del título : una investigación histórico-pastoral /
Mención de responsabilidad, etc. Adolf Exeler ; traducción por Raúl Gabás.
260 ## - PUBLICACIÓN, DISTRIBUCIÓN, ETC.
Lugar de publicación, distribución, etc. Barcelona :
Nombre del editor, distribuidor, etc. Juan Flors,
Fecha de publicación, distribución, etc. 1968.
300 ## - DESCRIPCIÓN FÍSICA
Extensión XI, 236 p. ;
Dimensiones 22 cm.
700 0# - ENTRADA AGREGADA--NOMBRE PERSONAL
Nombre de persona Gabás Pallás, Raúl.
9 (RLIN) 53124
852 ## - LOCALIZACIÓN
Ubicación ES-MaACL
Número de control de estantería C-37139
Sublocalización o colección R.68295
Holdings
Estatus retirado Estado de pérdida Estado de daño No para préstamo Biblioteca de origen Biblioteca actual Ubicación en estantería Fecha de adquisición Fuente de adquisición Total de préstamos Signatura topográfica completa Código de barras Visto por última vez Precio de reemplazo Tipo de ítem Koha
        Biblioteca del Ateneo de Madrid Biblioteca del Ateneo de Madrid Depósito 2 17/01/2008     C-37139 1064528 23/02/2023 23/02/2023 Libro impreso